000 00542nam a22002057a 4500
003 OSt
005 20171025184947.0
008 131016b xxu||||| |||| 00| 0 eng d
020 _a9-7881-8038-1577
040 _aLDCLIB
_cLDCLIB
082 _221
_a341.481
_bMUR
100 _aMurthy, YSR.
245 _aHuman Rights Hand Book /
_cYSR Murthy.
260 _aIndia :
_bLexisNexis,
_c2007.
300 _axxiv, 321 p. ;
_c24 cm.
500 _aIncludes Index
650 _aHuman rights
650 _aHuman rights hand book
942 _2ddc
_cBK
999 _c5779
_d5779